00453nam a2200157Ia 4500008004100000040000800041100003000049245003400079260001000113260002300123260000900146300001000155942000700165952010600172999001700278090707b ii f a fnsan d aRCL aThapar, Prithvi Raj94891 aPunjabi Vartak:bPunar Vichar aDelhi bManpreet Prakashan c2012 a144p. cBK 00102ddc40708PunaRNLbRNLcGENd2018-10-02g290.00l0p51140r2018-10-02v290.00w2018-10-02yBK c23697d23697